LEADER 03633nam 2200697 a 450 001 9910452913603321 005 20200520144314.0 010 $a0-7735-8988-0 010 $a0-7735-8987-2 035 $a(CKB)2550000001114244 035 $a(EBL)3332623 035 $a(SSID)ssj0001107184 035 $a(PQKBManifestationID)11705033 035 $a(PQKBTitleCode)TC0001107184 035 $a(PQKBWorkID)11082400 035 $a(PQKB)10703998 035 $a(CEL)446165 035 $a(OCoLC)843520458 035 $a(CaBNVSL)slc00233097 035 $a(MiAaPQ)EBC3332623 035 $a(Au-PeEL)EBL3332623 035 $a(CaPaEBR)ebr10748469 035 $a(CaONFJC)MIL514099 035 $a(OCoLC)923238709 035 $a(EXLCZ)992550000001114244 100 $a20130830d2013 uy 0 101 0 $aeng 135 $aur|n|---||||| 181 $ctxt 182 $cc 183 $acr 200 04$aThe edge of the precipice$b[electronic resource] $ewhy read literature in the digital age? /$fedited by Paul Socken 210 $aMontreal $cMcGill-Queen's University Press$d2013 215 $a1 online resource (241 p.) 311 $a0-7735-4178-0 311 $a1-299-82848-5 320 $aIncludes bibliographical references and index. 327 $aIntroduction: A Return to the Educated Imagination / Paul Socken -- Technology, Science, and the Book. Why I Read War and Peace on a Kindle (and Bought the Book When I Was Done) / Michael Austin -- Reading in a Digital Age: Notes on Why the Novel and the Internet Are Opposites, and Why the Latter Both Undermines the Former and Makes It More Necessary / Sven Birkerts -- Solitary Reading in an Age of Compulsory Sharing / Drew Nelles -- 327 $aIntroduction: A Return to the Educated Imagination / Paul Socken -- Technology, Science, and the Book. Why I Read War and Peace on a Kindle (and Bought the Book When I Was Done) / Michael Austin -- Reading in a Digital Age: Notes on Why the Novel and the Internet Are Opposites, and Why the Latter Both Undermines the Former and Makes It More Necessary / Sven Birkerts -- Solitary Reading in an Age of Compulsory Sharing / Drew Nelles -- 327 $aPhysical and Philosophical Approaches. A World without Books? / Vincent Giroud -- Language Speaks Us: Sophie's Tree and the Paradox of Self / Mark Kingwell -- 327 $aPoetic Readings. The End of Reading / Alberto Manguel -- Cold Heaven, Cold Comfort: Should We Read or Teach Literature Now? / J. Hillis Miller - Fragments from an Entirely Subjective Story of Reading / Lori Saint-Martin -- A Very Good Chance of Getting Somewhere Else / Katia Grubisic -- 327 $aLiterature and the World (Part Two). Thinking Deeply in Reading and Writing / Keith Oatley -- Don't Panic: Reading Literature in the Digital Age / Ekaterina Rogatchevskaia -- Why Read against the Grain? Confessions of an Addict / Gerhard van der Linde. 606 $aLiterature and the Internet 606 $aLiterature and technology 606 $aBooks and reading$xSocial aspects 606 $aBooks and reading$xTechnological innovations 608 $aElectronic books. 615 0$aLiterature and the Internet. 615 0$aLiterature and technology. 615 0$aBooks and reading$xSocial aspects. 615 0$aBooks and reading$xTechnological innovations. 676 $a809/.911 701 $aSocken$b Paul$0903658 801 0$bMiAaPQ 801 1$bMiAaPQ 801 2$bMiAaPQ 906 $aBOOK 912 $a9910452913603321 996 $aThe edge of the precipice$92019971 997 $aUNINA 999 $p$105.00$u07/24/2015$5Eng